| 000 | 00328 a2200133 4500 | ||
|---|---|---|---|
| 999 |
_c324934 _d324934 |
||
| 001 | 89861 | ||
| 003 | NUST | ||
| 082 | _a891.4393 UMA | ||
| 100 |
_aUmaira Ahmed _9743 |
||
| 245 |
_aThora sa Asman (urdu) _cUmaira Ahmed _hUrdu |
||
| 260 |
_aLahore _bIIlm o Irfan _c2009 |
||
| 300 | _a829 p | ||
| 500 | _aGeneral books | ||
| 942 |
_aCAENUST _k891.4393 UMA _cBK _2ddc |
||